[Event "II Torneo C.V.A. A"]
[Site "Arvier ITA"]
[Date "2005.04.25"]
[Round "9"]
[White "Pegoraro, Nicola"]
[Black "Didoni, Renato"]
[Result "1-0"]
[WhiteElo "2082"]
[BlackElo "2060"]
[PlyCount "55"]
[EventDate "2005.04.18"]

1. e4 d6 2. d4 Nf6 3. Nc3 c6 4. f3 Nbd7 5. Be3 Qc7 6. Qd2 a6 7. Nh3 e6 8. Nf4
Be7 9. Be2 Nf8 10. Nd3 Ng6 11. f4 Bd7 12. Bf2 Rd8 13. Bf3 Bc8 14. O-O-O b5 15.
g4 c5 16. g5 Ng8 17. f5 Nf8 18. dxc5 dxc5 19. Bg3 Qb6 20. Qe3 h6 21. h4 Bb7 22.
Ne5 hxg5 23. hxg5 Rxd1+ 24. Rxd1 Qc7 25. Nxf7 Qxg3 26. Rg1 Rh1 27. Rxh1 Kxf7
28. Bh5+ 1-0

[Event "II Torneo C.V.A. A"]
[Site "Arvier ITA"]
[Date "2005.04.25"]
[Round "9"]
[White "Renzini, Lorenzo"]
[Black "Berni, Francesco"]
[Result "1/2-1/2"]
[WhiteElo "1736"]
[BlackElo "1718"]
[PlyCount "27"]
[EventDate "2005.04.18"]

1. c4 c6 2. Nc3 d5 3. cxd5 cxd5 4. d4 e6 5. e3 a6 6. Nf3 Nc6 7. Be2 Bd6 8. Bd2
Nf6 9. Rc1 O-O 10. O-O b5 11. Nxd5 Bxh2+ 12. Nxh2 Qxd5 13. Bf3 Ne4 14. Rc5
1/2-1/2

[Event "II Torneo C.V.A. A"]
[Site "Arvier ITA"]
[Date "2005.04.25"]
[Round "9"]
[White "Rombaldoni, Axel"]
[Black "Bondielli, Giorgio"]
[Result "1-0"]
[WhiteElo "2147"]
[BlackElo "1976"]
[PlyCount "93"]
[EventDate "2005.04.18"]

1. e4 e5 2. Nc3 Nf6 3. g3 Be7 4. Bg2 d6 5. Nge2 Nc6 6. O-O Be6 7. d4 exd4 8.
Nxd4 Nxd4 9. Qxd4 O-O 10. Kh1 Qd7 11. f4 Bh3 12. f5 Bxg2+ 13. Kxg2 Rad8 14. Rf3
Qc6 15. Bg5 h6 16. Nd5 Nxd5 17. exd5 Qd7 18. Bxe7 Qxe7 19. f6 Qe2+ 20. Rf2 Qe5
21. Qd2 Qg5 22. fxg7 Qxg7 23. Raf1 Rd7 24. Rf6 Qg5 25. Qxg5+ hxg5 26. R6f5 f6
27. Rxf6 Rxf6 28. Rxf6 Re7 29. Re6 Rg7 30. Re8+ Kf7 31. Rb8 b6 32. Rb7 Kf6 33.
Rxa7 Ke5 34. c4 Kd4 35. b3 Ke3 36. Ra8 Kd4 37. Rb8 Re7 38. Rg8 Re2+ 39. Kf3
Rxh2 40. Rxg5 Rxa2 41. Rg7 Rb2 42. Rxc7 Rxb3+ 43. Kf4 Rc3 44. g4 Rxc4 45. Rxc4+
Kxc4 46. g5 Kxd5 47. Kf5 1-0

[Event "II Torneo C.V.A. A"]
[Site "Arvier ITA"]
[Date "2005.04.25"]
[Round "9"]
[White "Rombaldoni, Denis"]
[Black "Vocaturo, Daniele"]
[Result "0-1"]
[WhiteElo "2336"]
[BlackElo "2303"]
[PlyCount "88"]
[EventDate "2005.04.18"]

1. d4 Nf6 2. c4 g6 3. Nc3 Bg7 4. Nf3 O-O 5. Bg5 c5 6. d5 h6 7. Bh4 d6 8. e3 g5
9. Bg3 Nh5 10. Be2 f5 11. Nd2 Nxg3 12. hxg3 Nd7 13. Qc2 Nf6 14. f4 a6 15. fxg5
hxg5 16. Nf3 Qe8 17. Bd3 Ng4 18. Qd2 Qg6 19. O-O-O b5 20. Rde1 Ne5 21. Nxe5
Bxe5 22. g4 bxc4 23. Bc2 Rb8 24. Ref1 Bd7 25. gxf5 Qg7 26. Rh5 Rxb2 27. Kxb2
Rb8+ 28. Kc1 Bxc3 29. Qe2 Be8 30. Rfh1 Bxh5 31. Qxh5 Bf6 32. g4 Qf7 33. Qg6+
Kf8 34. Be4 Bb2+ 35. Kd1 Bg7 36. Qxg5 Rb1+ 37. Bxb1 Qxd5+ 38. Ke2 Qg2+ 39. Kd1
Qxh1+ 40. Kc2 Qg2+ 41. Kd1 Qf1+ 42. Kd2 c3+ 43. Kc2 Qe2+ 44. Kb3 Qb5+ 0-1

[Event "II Torneo C.V.A. A"]
[Site "Arvier ITA"]
[Date "2005.04.25"]
[Round "9"]
[White "Sarno, Spartaco"]
[Black "Bonafede, Alessandro"]
[Result "1-0"]
[WhiteElo "2382"]
[BlackElo "2095"]
[PlyCount "57"]
[EventDate "2005.04.18"]

1. c4 f5 2. Nc3 Nf6 3. g3 g6 4. Bg2 Bg7 5. e3 O-O 6. Nge2 d6 7. O-O e5 8. d3 c6
9. Rb1 a5 10. b3 Na6 11. Qd2 Kh8 12. f4 Be6 13. Bb2 Bg8 14. Nd1 Qc7 15. Nf2
Rfe8 16. Rbd1 Nc5 17. Nc3 Rad8 18. Rfe1 exf4 19. exf4 d5 20. cxd5 Nxd5 21. Nxd5
Rxe1+ 22. Rxe1 Bxd5 23. Bxd5 cxd5 24. Bxg7+ Kxg7 25. g4 fxg4 26. Nxg4 b6 27. f5
Qd7 28. Qe3 Qd6 29. Qd4+ 1-0

[Event "II Torneo C.V.A. A"]
[Site "Arvier ITA"]
[Date "2005.04.25"]
[Round "9"]
[White "Turino, Luca"]
[Black "Straub, Peter"]
[Result "0-1"]
[WhiteElo "1694"]
[BlackElo "2112"]
[PlyCount "54"]
[EventDate "2005.04.18"]

1. d4 Nf6 2. c4 e6 3. Nc3 Bb4 4. Qc2 c5 5. e3 b6 6. Bd3 Bb7 7. f3 O-O 8. Nge2
d5 9. cxd5 exd5 10. O-O Nc6 11. a3 Ba5 12. dxc5 bxc5 13. Rd1 Kh8 14. Nxd5 Qxd5
15. Bxh7 Qh5 16. Bd3 Bc7 17. Ng3 Qh4 18. f4 Ng4 19. Nf1 Bb6 20. h3 Nf6 21. Bd2
Rad8 22. Kh2 Ne7 23. g3 Ng4+ 24. Kg1 Qxh3 25. Be4 Bxe4 26. Qxe4 Nd5 27. Bc1
Nxf4 0-1

[Event "II Torneo C.V.A. A"]
[Site "Arvier ITA"]
[Date "2005.04.25"]
[Round "9"]
[White "Virzi, Ettore"]
[Black "Siegmund, Rainer"]
[Result "1/2-1/2"]
[WhiteElo "1972"]
[BlackElo "2149"]
[PlyCount "124"]
[EventDate "2005.04.18"]

1. e4 c5 2. Nf3 Nc6 3. d4 cxd4 4. Nxd4 Nf6 5. Nc3 e5 6. Ndb5 d6 7. Nd5 Nxd5 8.
exd5 Nb8 9. c4 Be7 10. Bd3 a6 11. Nc3 O-O 12. O-O f5 13. f3 Bg5 14. Kh1 Nd7 15.
b4 Bxc1 16. Qxc1 Qh4 17. Qc2 Nf6 18. Qf2 Qxf2 19. Rxf2 Bd7 20. a4 Rfc8 21. Rc2
Rc7 22. a5 Rac8 23. Rac1 e4 24. fxe4 Ng4 25. Na2 Ne5 26. Bf1 fxe4 27. c5 Bb5
28. Bxb5 axb5 29. a6 bxa6 30. c6 Nc4 31. Nc3 Re8 32. Ra2 e3 33. Ne2 Re5 34.
Rxa6 Rxd5 35. Ra8+ Kf7 36. Rf1+ Ke7 37. Rg8 Rg5 38. Nd4 Ne5 39. Rff8 e2 40.
Re8+ Kf6 41. Rgf8+ Kg6 42. Nxe2 Rf5 43. Nf4+ Rxf4 44. Rxf4 Rxc6 45. h3 h5 46.
Re6+ Kg5 47. Rd4 Rc1+ 48. Kh2 Nc4 49. Re2 h4 50. Rd5+ Kf4 51. Rd4+ Kf5 52. Rxh4
Rb1 53. Rf2+ Kg6 54. Rg4+ Kh6 55. Rf8 g6 56. Rg8 Ne5 57. Rd4 Nc4 58. Rd8 Ne3
59. Rf8 Nf1+ 60. Kg1 Ng3+ 61. Kh2 Nf1+ 62. Rxf1 Rxf1 1/2-1/2

[Event "II Torneo C.V.A. A"]
[Site "Arvier ITA"]
[Date "2005.04.25"]
[Round "9"]
[White "Vrban, Damir"]
[Black "Rossi, Aldo A."]
[Result "1/2-1/2"]
[WhiteElo "2131"]
[BlackElo "2108"]
[PlyCount "31"]
[EventDate "2005.04.18"]

1. f4 d5 2. Nf3 g6 3. g3 Bg7 4. Bg2 Nf6 5. O-O O-O 6. d3 Nbd7 7. Nc3 c5 8. e4
d4 9. Ne2 e5 10. fxe5 Ng4 11. c3 Ndxe5 12. cxd4 Nxf3+ 13. Bxf3 Bxd4+ 14. Kg2
Ne3+ 15. Bxe3 Bxe3 16. Qc2 1/2-1/2

[Event "II Torneo C.V.A. A"]
[Site "Arvier ITA"]
[Date "2005.04.25"]
[Round "9"]
[White "Ziltener, Werner"]
[Black "Rossi, Giampiero"]
[Result "1-0"]
[WhiteElo "2095"]
[BlackElo "2030"]
[PlyCount "89"]
[EventDate "2005.04.18"]

1. d4 d5 2. c4 e6 3. Nc3 c6 4. Nf3 Nf6 5. Bg5 Nbd7 6. e4 dxe4 7. Nxe4 Be7 8.
Nc3 O-O 9. Qc2 b6 10. O-O-O Bb7 11. Bd3 h6 12. h4 Rc8 13. Kb1 Qc7 14. g4 Rfe8
15. Bxf6 Bxf6 16. g5 c5 17. gxf6 Bxf3 18. Bh7+ Kh8 19. fxg7+ Kxg7 20. Rdg1+ Kf8
21. Rh3 cxd4 22. Rxf3 dxc3 23. Qg6 c2+ 24. Kc1 Ne5 25. Qxh6+ Ke7 26. Qf6+ Kd7
27. Re3 Nxc4 28. Rd3+ Nd6 29. Rg7 Re7 30. Rxf7 Rce8 31. Rc3 Qb8 32. Rxe7+ Rxe7
33. Bxc2 Rf7 34. Qd4 Qb7 35. Bg6 Re7 36. Rd3 Qc6+ 37. Kb1 e5 38. Qg4+ Kd8 39.
Be4 Qc5 40. Qd1 Kc7 41. Rc3 Qxc3 42. bxc3 Nxe4 43. Qc2 Nc5 44. Qf5 e4 45. h5
1-0

[Event "XXXVII C.to Italiano a squadre A1.1"]
[Site "ITA"]
[Date "2005.02.20"]
[Round "1"]
[White "Aglietti, Graziano"]
[Black "Zoldan, Matteo"]
[Result "0-1"]
[WhiteElo "2048"]
[BlackElo "2114"]
[PlyCount "128"]
[EventDate "2005.02.20"]

1. e4 c5 2. Nc3 Nc6 3. f4 g6 4. Nf3 Bg7 5. Bc4 e6 6. O-O Nge7 7. a3 d5 8. Ba2
dxe4 9. Nxe4 O-O 10. Kh1 b6 11. Qe1 Nf5 12. d3 Bb7 13. Rb1 Ncd4 14. Nxd4 Nxd4
15. Qf2 Rc8 16. Re1 Bd5 17. Bxd5 Qxd5 18. b3 Nf5 19. Bd2 Bd4 20. Qf3 Rfd8 21.
Qh3 Bg7 22. Bc3 Nd4 23. Qh4 Qf5 24. Qe7 Nc6 25. Qh4 Nd4 26. Qe7 Nxc2 27. Bxg7
Kxg7 28. Nd6 Rxd6 29. Qxd6 Nxe1 30. Rxe1 Qd5 31. Qe7 a5 32. b4 cxb4 33. axb4
Qxd3 34. bxa5 bxa5 35. Qg5 Qc3 36. Rd1 a4 37. h4 h5 38. Rd7 Qf6 39. Ra7 Rc4 40.
Qxf6+ Kxf6 41. g3 Rc3 42. Kg2 Ra3 43. Kf2 Ra1 44. Ke3 a3 45. Kf2 a2 46. Kg2 Kg7
47. Ra8 Kf6 48. Ra7 Kg7 49. Ra8 f6 50. Ra7+ Kf8 51. Ra8+ Ke7 52. Ra7+ Kd6 53.
Ra6+ Kd5 54. Ra5+ Kc4 55. Ra8 Kb3 56. Rb8+ Kc3 57. Rc8+ Kd3 58. Rd8+ Ke3 59.
Ra8 Rd1 60. Rxa2 Rd2+ 61. Rxd2 Kxd2 62. Kf3 Kd3 63. g4 hxg4+ 64. Kxg4 Ke4 0-1

[Event "XXXVII C.to Italiano a squadre A1.1"]
[Site "ITA"]
[Date "2005.02.20"]
[Round "1"]
[White "Contini, Luca"]
[Black "Castaldo, Folco"]
[Result "0-1"]
[WhiteElo "2304"]
[BlackElo "2361"]
[PlyCount "80"]
[EventDate "2005.02.20"]

1. d4 e6 2. c4 f5 3. g3 Nf6 4. Bg2 Bb4+ 5. Bd2 Be7 6. Nc3 O-O 7. Qb3 c6 8. d5
Na6 9. Nh3 Kh8 10. O-O-O cxd5 11. cxd5 e5 12. Ng5 d6 13. h4 Nc5 14. Qc2 a5 15.
Na4 Na6 16. Kb1 Rb8 17. b3 b5 18. Nb2 Bd7 19. Ne6 Bxe6 20. dxe6 e4 21. Bf4 Qb6
22. Be3 Qb7 23. Rc1 Nc5 24. f3 Rfc8 25. Qd2 a4 26. b4 Nxe6 27. Bh3 a3 28. Rxc8+
Rxc8 29. Bxf5 exf3 30. Bxe6 Qe4+ 31. Nd3 Qxe6 32. exf3 Nd5 33. Bd4 Bf6 34. Re1
Qf5 35. g4 Qxf3 36. Qc2 Qxg4 37. Bxf6 gxf6 38. Qb3 Nc3+ 39. Kc2 Qg2+ 40. Kc1
Ne4+ 0-1

[Event "XXXVII C.to Italiano a squadre A1.1"]
[Site "ITA"]
[Date "2005.02.20"]
[Round "1"]
[White "Pace, Pietro Dario"]
[Black "Mariano, Elia"]
[Result "0-1"]
[WhiteElo "2168"]
[BlackElo "2181"]
[PlyCount "54"]
[EventDate "2005.02.20"]

1. e4 d5 2. exd5 Qxd5 3. Nc3 Qa5 4. d4 Nf6 5. Bd3 Nc6 6. Nge2 Bf5 7. Bb5 O-O-O
8. Bxc6 bxc6 9. Bd2 e5 10. dxe5 Qxe5 11. O-O Ne4 12. Nxe4 Bxe4 13. Ng3 Bg6 14.
Qc1 h5 15. Re1 Qd5 16. Be3 h4 17. c4 Qd7 18. Ne2 h3 19. Qc3 Qg4 20. Nf4 Be4 21.
f3 Bxf3 22. g3 g5 23. Nd3 Bd6 24. Ne5 Qe4 25. Nxf3 Qxf3 26. Qc2 Bxg3 27. hxg3
h2+ 0-1

[Event "XXXVII C.to Italiano a squadre A1.1"]
[Site "ITA"]
[Date "2005.02.20"]
[Round "1"]
[White "Ranieri, Fabrizio"]
[Black "Sbarra, Marco"]
[Result "1/2-1/2"]
[WhiteElo "2211"]
[BlackElo "2204"]
[PlyCount "56"]
[EventDate "2005.02.20"]

1. e4 e5 2. Nf3 Nc6 3. Bc4 Nf6 4. d3 Be7 5. O-O O-O 6. a4 d5 7. exd5 Nxd5 8. h3
Bf5 9. Re1 Bf6 10. Nbd2 Nb6 11. Bb3 a5 12. Ne4 Re8 13. Nxf6+ Qxf6 14. Bd2 Be6
15. Bxe6 Rxe6 16. Qe2 h6 17. Qe4 Rae8 18. b4 axb4 19. a5 Nc8 20. Bxb4 Nxb4 21.
Qxb4 Nd6 22. Nd2 e4 23. dxe4 Nxe4 24. Nxe4 Rxe4 25. Rxe4 Qxa1+ 26. Kh2 Rxe4 27.
Qxe4 Qxa5 28. Qxb7 Qe5+ 1/2-1/2

[Event "XXXVII C.to Italiano a squadre A1.1"]
[Site "ITA"]
[Date "2005.03.06"]
[Round "2"]
[White "Ranieri, Fabrizio"]
[Black "Pozzi, Enrico"]
[Result "0-1"]
[WhiteElo "2211"]
[BlackElo "2218"]
[PlyCount "142"]
[EventDate "2005.02.20"]

1. e4 b6 2. d4 Bb7 3. Nc3 e6 4. Nf3 Bb4 5. Bd3 Nf6 6. Qe2 d5 7. e5 Ne4 8. Bd2
Nxd2 9. Qxd2 Nc6 10. a3 Be7 11. O-O a5 12. Qe2 O-O 13. Nd1 Qc8 14. c3 Ba6 15.
Nd2 Bxd3 16. Qxd3 a4 17. f4 f5 18. exf6 Bxf6 19. Nf2 Qa6 20. Qe3 Rae8 21. Nd3
Qb5 22. g4 g6 23. Rab1 Na5 24. Rf3 Nb7 25. h4 Qd7 26. Ne5 Bxe5 27. Qxe5 Nd6 28.
Kg2 Nf7 29. Qe2 e5 30. dxe5 Qxg4+ 31. Kh1 Qxh4+ 32. Qh2 Qxh2+ 33. Kxh2 Nh6 34.
Kg3 Nf5+ 35. Kg4 Kg7 36. c4 dxc4 37. Nxc4 h5+ 38. Kh3 Nd4 39. Rf2 Re7 40. Rd1
Ne6 41. Kg3 Ref7 42. Rdf1 Nc5 43. Re2 Ne6 44. Ref2 Nd4 45. Rd2 Nf5+ 46. Kf3 h4
47. e6 Re7 48. Rd7 Kf6 49. Ne5 Kxe6 50. Nxg6 Kxd7 51. Nxf8+ Ke8 52. Ng6 Rg7 53.
Re1+ Kf7 54. Ne5+ Kf8 55. Rh1 Ke7 56. Rc1 c5 57. Nc4 Rg3+ 58. Kf2 b5 59. Ne5 c4
60. Re1 Kd6 61. Nf7+ Kd7 62. Ne5+ Kc7 63. Nf3 Rg4 64. Re4 h3 65. Re5 Rg2+ 66.
Kf1 Ng3+ 67. Ke1 Rxb2 68. Rg5 Ne4 69. Re5 Nf2 70. Re2 Nd3+ 71. Kd1 Rxe2 0-1

[Event "XXXVII C.to Italiano a squadre A1.1"]
[Site "ITA"]
[Date "2005.03.13"]
[Round "3"]
[White "Ubezio, Marco"]
[Black "Ranieri, Fabrizio"]
[Result "0-1"]
[WhiteElo "2172"]
[BlackElo "2211"]
[PlyCount "116"]
[EventDate "2005.02.20"]

1. e4 e6 2. d4 d5 3. Nc3 Nf6 4. Bg5 Bb4 5. exd5 exd5 6. Bd3 h6 7. Bh4 Nc6 8.
Nge2 Bg4 9. O-O g5 10. Bg3 Bd6 11. f3 Bxg3 12. Nxg3 Be6 13. f4 gxf4 14. Rxf4
Nd7 15. Qf3 Qg5 16. h4 Qg8 17. Nf5 O-O-O 18. Nxd5 Kb8 19. Nde3 Nb6 20. c3 Ne5
21. dxe5 Rxd3 22. Qe2 Rd7 23. Nd4 Qg7 24. Nxe6 Qxe5 25. Qf3 Qxe6 26. Rf6 Qe5
27. Rf1 a6 28. Ng4 Qh5 29. Qf5 Qxf5 30. R1xf5 h5 31. Ne5 Rd1+ 32. Rf1 Rd2 33.
R1f2 Rd1+ 34. Kh2 Re8 35. Nxf7 Nd5 36. Rh6 Ne3 37. Kg3 Ng4 38. Rxh5 Nxf2 39.
Kxf2 Rd2+ 40. Kf3 Ree2 41. Rh8+ Ka7 42. g4 Rf2+ 43. Ke3 Rde2+ 44. Kd3 Rxb2 45.
Rh7 Rbd2+ 46. Ke4 Rde2+ 47. Kd5 Re7 48. Ng5 c6+ 49. Kd6 Rxh7 50. Nxh7 Rf4 51.
Nf6 Rxf6+ 52. Ke5 Rh6 53. h5 b5 54. Kf5 c5 55. Kg5 Rh8 56. h6 c4 57. Kg6 b4 58.
Kg7 Rd8 0-1

[Event "XXXVII C.to Italiano a squadre A1.1"]
[Site "ITA"]
[Date "2005.04.17"]
[Round "5"]
[White "Albano, Marco"]
[Black "Ranieri, Fabrizio"]
[Result "0-1"]
[WhiteElo "2230"]
[BlackElo "2198"]
[PlyCount "116"]
[EventDate "2005.02.20"]

1. Nf3 d5 2. g3 c5 3. Bg2 Nc6 4. O-O Nf6 5. d3 e6 6. Nbd2 Be7 7. e4 b6 8. Qe2
Bb7 9. e5 Nd7 10. Re1 g5 11. h3 h5 12. g4 hxg4 13. hxg4 Qc7 14. Nf1 O-O-O 15.
c3 Kb8 16. Bd2 d4 17. cxd4 Nxd4 18. Nxd4 Bxg2 19. Kxg2 cxd4 20. Ng3 Rh4 21. b4
Rdh8 22. Rac1 Qb7+ 23. Qe4 Rxg4 24. Qxb7+ Kxb7 25. a4 Rc8 26. Rxc8 Kxc8 27. Kf3
Rh4 28. Re4 Kc7 29. Ne2 Rh3+ 30. Kg4 Rxd3 31. Bxg5 Bxb4 32. f4 Bc5 33. f5 exf5+
34. Kxf5 a5 35. e6 fxe6+ 36. Rxe6 Ra3 37. Nf4 Rxa4 38. Rh6 Ra1 39. Ne6+ Kb7 40.
Rh7 Rf1+ 41. Bf4 Kc6 42. Nd8+ Kb5 43. Rxd7 a4 44. Ne6 a3 45. Ra7 Kb4 46. Ke4
Kb3 47. Nxc5+ bxc5 48. Bd6 Rc1 49. Kd3 Rc3+ 50. Kd2 a2 51. Ra5 Rc4 52. Kd3 Rc3+
53. Kd2 Rc2+ 54. Kd3 Rc1 55. Ra8 a1=Q 56. Rxa1 Rxa1 57. Bxc5 Rd1+ 58. Ke2 Kc2
0-1

[Event "XXXVII C.to Italiano a squadre A1.1"]
[Site "ITA"]
[Date "2005.04.17"]
[Round "5"]
[White "Mariano, Elia"]
[Black "Capurro, Giuliano"]
[Result "0-1"]
[WhiteElo "2181"]
[BlackElo "2088"]
[PlyCount "62"]
[EventDate "2005.02.20"]

1. d4 d5 2. c4 e6 3. Nc3 Nf6 4. cxd5 exd5 5. Bg5 Be7 6. e3 O-O 7. Bd3 c6 8.
Nge2 a5 9. Qc2 h6 10. Bh4 Na6 11. a3 Nc7 12. O-O Nh5 13. Bg3 Bd6 14. Bxd6 Qxd6
15. f3 f5 16. e4 dxe4 17. fxe4 Ne6 18. e5 Qd8 19. Bxf5 Qg5 20. Qe4 Nef4 21.
Bxc8 Raxc8 22. Nxf4 Nxf4 23. g3 Ne6 24. d5 cxd5 25. Qxd5 Qe3+ 26. Kg2 Qb6 27.
Na4 Qa6 28. Rxf8+ Rxf8 29. Re1 Rd8 30. Qb3 Rd2+ 31. Kh3 Kh7 0-1

[Event "XXXVII C.to Italiano a squadre A1.1"]
[Site "ITA"]
[Date "2005.04.17"]
[Round "5"]
[White "Tizzoni, Lionello"]
[Black "Aglietti, Graziano"]
[Result "1-0"]
[WhiteElo "2046"]
[BlackElo "2048"]
[PlyCount "116"]
[EventDate "2005.02.20"]

1. Nf3 d5 2. c4 d4 3. b4 g6 4. Bb2 Bg7 5. g3 e5 6. d3 Ne7 7. Bg2 O-O 8. O-O Na6
9. a3 c6 10. Nbd2 Nc7 11. a4 Rb8 12. b5 Bg4 13. h3 Bxf3 14. Bxf3 Qd7 15. Bg2
Rfe8 16. Ba3 Nf5 17. Ne4 Ne6 18. Qd2 Qd8 19. Rab1 Bf8 20. Bxf8 Rxf8 21. bxc6 b6
22. a5 Kg7 23. axb6 Rxb6 24. Rxb6 Qxb6 25. Qa2 Qxc6 26. Qxa7 Ra8 27. Qxf7+ Kxf7
28. Ng5+ Nxg5 29. Bxc6 Ra2 30. h4 Ne6 31. Be4 Ke7 32. Rb1 Ra7 33. Rb8 Kf6 34.
Bd5 Nc7 35. Rf8+ Ke7 36. Rh8 Ra1+ 37. Kh2 Nxd5 38. Rxh7+ Kd6 39. cxd5 Ra2 40.
g4 Ne7 41. h5 gxh5 42. gxh5 Rxe2 43. Kg2 Nxd5 44. h6 Rc2 45. Rh8 Rc7 46. Kf3
Rf7+ 47. Kg4 Nf4 48. h7 Rd7 49. Kf5 Nxd3 50. Kg6 Nf4+ 51. Kh6 Kd5 52. Ra8 Rd6+
53. Kg5 Ng6 54. Rg8 Nh8 55. Rxh8 d3 56. Re8 d2 57. h8=Q d1=Q 58. Qg8+ Kc6 1-0

[Event "C.to Regionale Piemonte"]
[Site "Torino ITA"]
[Date "2005.04.??"]
[Round "2"]
[White "Castaldo, Folco"]
[Black "Tacchino, Stefano"]
[Result "1-0"]
[WhiteElo "2361"]
[BlackElo "2097"]
[PlyCount "49"]
[EventDate "2005.04.21"]

1. Nf3 Nf6 2. c4 e6 3. Nc3 d5 4. d4 c6 5. e3 Nbd7 6. Qc2 Bd6 7. b3 O-O 8. Be2
a6 9. O-O e5 10. cxd5 cxd5 11. dxe5 Nxe5 12. Bb2 Bg4 13. Nd4 Rc8 14. Rac1 Ne4
15. f4 Bxe2 16. Qxe2 Nxc3 17. Rxc3 Nc6 18. Nf5 f6 19. Rd1 Ne7 20. Rxc8 Nxc8 21.
Rxd5 Qb6 22. Qc4 Kh8 23. Bd4 Qd8 24. Nxd6 Nxd6 25. Qc5 1-0

[Event "C.to Regionale Piemonte"]
[Site "Torino ITA"]
[Date "2005.04.??"]
[Round "2"]
[White "De Barberis, Massimo"]
[Black "Vinciguerra, Marco"]
[Result "1-0"]
[WhiteElo "2095"]
[BlackElo "2113"]
[PlyCount "83"]
[EventDate "2005.04.21"]

1. d4 Nf6 2. Nc3 d5 3. Bg5 Nbd7 4. e3 g6 5. Nf3 Bg7 6. Be2 O-O 7. h4 c6 8. Qd3
h6 9. Bf4 Ne4 10. Nxe4 dxe4 11. Qxe4 Nf6 12. Qd3 Bf5 13. Qb3 Qa5+ 14. c3 Nd5
15. Be5 b5 16. Bxg7 Kxg7 17. Nd2 Be6 18. Qc2 Rab8 19. O-O Nf6 20. Bf3 Qc7 21.
b3 Ng4 22. g3 c5 23. Qd1 Nxe3 24. fxe3 Qxg3+ 25. Bg2 Qxe3+ 26. Rf2 Rbd8 27.
dxc5 Bd5 28. Qe1 Qxc5 29. Qe5+ f6 30. Qg3 Bxg2 31. Kxg2 f5 32. Re1 f4 33. Qf3
Rf7 34. Ne4 Qf5 35. Kf1 Kh8 36. Rg2 Rg7 37. Kf2 Rd5 38. Rg4 g5 39. hxg5 hxg5
40. Reg1 Re5 41. Rxg5 Rxg5 42. Rxg5 1-0

[Event "C.to Regionale Piemonte"]
[Site "Torino ITA"]
[Date "2005.04.??"]
[Round "2"]
[White "Faraoni, Enrico"]
[Black "Stroppa, Daniel"]
[Result "1-0"]
[WhiteElo "2151"]
[BlackElo "2239"]
[PlyCount "43"]
[EventDate "2005.04.21"]

1. f4 d6 2. e4 Nf6 3. Nc3 g6 4. d4 Bg7 5. Nf3 c5 6. dxc5 Qa5 7. Bd3 Qxc5 8. Qe2
Bg4 9. Be3 Qa5 10. O-O O-O 11. Qe1 Nc6 12. Nd2 Qd8 13. f5 d5 14. exd5 Nb4 15.
fxg6 hxg6 16. Qh4 Nxd3 17. cxd3 Bf5 18. Nde4 Re8 19. Ng5 Bxd3 20. Rxf6 exf6 21.
Qh7+ Kf8 22. Bc5+ 1-0

[Event "C.to Regionale Piemonte"]
[Site "Torino ITA"]
[Date "2005.04.??"]
[Round "2"]
[White "Nardelli, Marco"]
[Black "Astengo, Marcello"]
[Result "0-1"]
[WhiteElo "2066"]
[BlackElo "2120"]
[PlyCount "86"]
[EventDate "2005.04.21"]

1. e4 e6 2. d4 d5 3. Nc3 Nf6 4. Bg5 Bb4 5. e5 h6 6. Bd2 Bxc3 7. bxc3 Ne4 8. Qg4
Kf8 9. Bc1 c5 10. Bd3 Nxc3 11. dxc5 Qa5 12. Bd2 Qxc5 13. Nf3 Nc6 14. O-O Bd7
15. Rfe1 Rc8 16. a3 Rc7 17. Re3 Nb5 18. Qh5 Ke8 19. Ng5 Rf8 20. Nh7 Rh8 21. Rg3
Qd4 22. Re1 Rxh7 23. c3 Nxc3 24. Bc1 Ne4 25. Rge3 Nxe5 26. Bxe4 dxe4 27. Rd1
Qc5 28. Rxe4 Qxc1 29. Rxe5 Qxa3 30. Qh4 Qe7 31. Qe4 Rh8 32. Qd4 a6 33. Re3 Bc6
34. Qxg7 Rf8 35. Qxh6 Rd7 36. Rde1 Bd5 37. Re5 Rg8 38. g3 Rg6 39. Qc1 Bc6 40.
Rh5 Qf6 41. Qa3 Rg8 42. Qb3 Qf3 43. Rxe6+ Kd8 0-1

[Event "C.to Regionale Piemonte"]
[Site "Torino ITA"]
[Date "2005.04.??"]
[Round "2"]
[White "Pepino, Enrico"]
[Black "Catana, Costel"]
[Result "0-1"]
[WhiteElo "2159"]
[BlackElo "2073"]
[PlyCount "74"]
[EventDate "2005.04.21"]

1. e4 c5 2. Nf3 d6 3. d4 cxd4 4. Nxd4 Nf6 5. Nc3 g6 6. Be3 Bg7 7. f3 a6 8. Qd2
Nc6 9. O-O-O Qa5 10. Nb3 Qc7 11. h4 h5 12. Kb1 b5 13. Bg5 Be6 14. Be2 Rc8 15.
f4 Na5 16. Nxa5 Qxa5 17. Bxf6 Bxf6 18. Nd5 Qxd2 19. Nxf6+ exf6 20. Rxd2 Ke7 21.
Rhd1 Rhd8 22. g3 f5 23. exf5 Bxf5 24. Bd3 Kf6 25. Bxf5 Kxf5 26. Rd5+ Kg4 27.
Rg5+ Kf3 28. f5 Rc5 29. Rd3+ Kf2 30. fxg6 Rxg5 31. hxg5 fxg6 32. Kc1 d5 33. Kd2
d4 34. Kd1 Re8 35. Rxd4 Re1+ 36. Kd2 Re2+ 37. Kd1 Re5 0-1

[Event "C.to Regionale Piemonte"]
[Site "Torino ITA"]
[Date "2005.04.??"]
[Round "2"]
[White "Pulito, Alberto"]
[Black "Sorcinelli, Francesco"]
[Result "1-0"]
[WhiteElo "2202"]
[BlackElo "2088"]
[PlyCount "31"]
[EventDate "2005.04.21"]

1. e4 d6 2. d4 Nf6 3. Nc3 g6 4. f3 c6 5. Be3 Qb6 6. b3 Bg7 7. Qd2 Qc7 8. Bh6
O-O 9. h4 e5 10. Nge2 Bxh6 11. Qxh6 exd4 12. Nxd4 d5 13. O-O-O Qa5 14. Kb2 dxe4
15. h5 Nxh5 16. g4 1-0

[Event "C.to Regionale Piemonte"]
[Site "Torino ITA"]
[Date "2005.04.??"]
[Round "2"]
[White "Ragni, Paolo"]
[Black "Racioppo, Paolo"]
[Result "1-0"]
[WhiteElo "2105"]
[BlackElo "2199"]
[PlyCount "76"]
[EventDate "2005.04.21"]

1. Nf3 f5 2. g3 Nf6 3. Bg2 d6 4. d4 g6 5. O-O Bg7 6. c4 O-O 7. Nc3 Nc6 8. d5
Ne5 9. Nd2 Bd7 10. f4 Neg4 11. Nf3 a6 12. h3 Nh6 13. Nd4 Kh8 14. b3 Rc8 15. Bb2
c6 16. Qd2 cxd5 17. cxd5 Qb6 18. e3 Nf7 19. Kh2 Rfe8 20. Rac1 Qa5 21. a3 Qb6
22. Rfd1 Rc7 23. Ne6 Rcc8 24. Nxg7 Kxg7 25. b4 Rh8 26. Ne2 Rcf8 27. Nd4 h5 28.
Nf3 Nd8 29. Bd4 Qb5 30. Rc7 Kh6 31. a4 Qxa4 32. Ra1 Qb5 33. Ra5 Ne4 34. Qb2 Rh7
35. Rxb5 Bxb5 36. h4 Nf6 37. Bxf6 exf6 38. Qc3 Nf7 1-0

[Event "C.to Regionale Piemonte"]
[Site "Torino ITA"]
[Date "2005.04.??"]
[Round "3"]
[White "Astengo, Marcello"]
[Black "De Barberis, Massimo"]
[Result "0-1"]
[WhiteElo "2120"]
[BlackElo "2095"]
[PlyCount "75"]
[EventDate "2005.04.21"]

1. d4 Nf6 2. c4 e6 3. Nc3 c5 4. d5 exd5 5. cxd5 d6 6. e4 g6 7. f4 Bg7 8. Bb5+
Nfd7 9. a4 O-O 10. Nf3 Na6 11. O-O Nc7 12. Bc4 Nb6 13. Bb3 Bg4 14. Be3 Nd7 15.
h3 Bxf3 16. Qxf3 a6 17. Bc4 Rb8 18. Qe2 b5 19. axb5 axb5 20. Nxb5 Nxb5 21. Bxb5
Nf6 22. Bd3 Re8 23. Qf3 Nxe4 24. f5 Ng5 25. Bxg5 Qxg5 26. fxg6 fxg6 27. Qf7+
Kh8 28. Ra7 Qe5 29. Rf2 Rf8 30. Qc7 Qd4 31. Kh1 Rxf2 32. Qxb8+ Rf8 33. Qb7 Rg8
34. Be2 Qf2 35. Qb5 Qe1+ 36. Bf1 Rf8 37. Kg1 Bd4+ 38. Kh2 0-1

[Event "C.to Regionale Piemonte"]
[Site "Torino ITA"]
[Date "2005.04.??"]
[Round "3"]
[White "Catana, Costel"]
[Black "Pedemonte, Claudio"]
[Result "1-0"]
[WhiteElo "2073"]
[BlackElo "1951"]
[PlyCount "96"]
[EventDate "2005.04.21"]

1. e4 d5 2. exd5 Qxd5 3. Nc3 Qa5 4. d4 Nf6 5. Nf3 c6 6. Bd2 Qb6 7. Rb1 Bf5 8.
Be2 e6 9. O-O Bd6 10. Be3 Qc7 11. h3 O-O 12. Nh4 Bg6 13. Nxg6 hxg6 14. Re1 Nbd7
15. Qd2 Nb6 16. Bg5 Nbd5 17. Bf3 Rfe8 18. Rbd1 Nxc3 19. Qxc3 Nd5 20. Qb3 a5 21.
a3 a4 22. Qd3 Ra5 23. Bd2 Raa8 24. c4 Nf6 25. Re2 Rad8 26. Qc2 Ra8 27. Rde1 c5
28. d5 e5 29. Bc3 Nd7 30. g4 Qd8 31. Bg2 Qh4 32. Qd3 Qg5 33. Bd2 Qd8 34. g5 Qb6
35. Bc3 Re7 36. f4 Rae8 37. f5 e4 38. Bxe4 Ne5 39. Bxe5 Bxe5 40. fxg6 fxg6 41.
Kf1 Qd6 42. Bxg6 Rf8+ 43. Kg2 Rf4 44. Bh7+ Kh8 45. Qg6 Qc7 46. Qh5 g6 47. Bxg6+
Kg7 48. Rxe5 Rxe5 1-0